Poslanci - Piráti - Statistics

General Stats
  • This quiz has been taken 15 times
  • The average score is 14 of 18
Answers on the Grid
Answers color-coded by a green-red scale on the quiz's grid according to % correct below.
Zdeněk Hřib
Vít Rakušan
Karel Dvořák
Hana Ančincová
Katerina Demetrashvili
Veronika Kovářová
Matěj Hlavatý
Josef Flek
Ester Weimerová
Samuel Volpe
Gabriela Svárovská
Zdena Kašparová
Kateřina Stojanová
Martin Šmída
Věra Kovářová
Barbora Urbanová
Julie Smejkalová
Jan Sviták
Vendula Svobodová
Eva Šrámková
Eliška Olšáková
Michaela Opltová
Jan Papajanovský
Barbora Pipášová
Olga Richterová
Adriana Chochelová
Jakub Krainer
Michaela Moricová
Anežka Nedomová
Jana Krutáková
Jana Patková
Lenka Martínková Španihelová
Irena Ferčíková Konečná
Lucie Sedmihradská
Michaela Šebelová
Lukáš Vlček
Ivan Bartoš
Pavla Pivoňka Vaňková
Andrea Hoffmannová
Jan Berki
 
Answer Stats
Answer % Correct
Gabriela Svárovská
100%
Hana Ančincová
100%
Katerina Demetrashvili
100%
Kateřina Stojanová
100%
Martin Šmída
100%
Samuel Volpe
100%
Veronika Kovářová
100%
Zdeněk Hřib
100%
Barbora Pipášová
75%
Eva Šrámková
75%
Ivan Bartoš
75%
Olga Richterová
75%
Vendula Svobodová
75%
Andrea Hoffmannová
50%
Irena Ferčíková Konečná
50%
Jana Patková
50%
Lenka Martínková Španihelová
50%
Michaela Moricová
50%
No matching quizzes found
Score Distribution
Percent of People with Each Score
Percentile by Number Answered
Your Score History
You have not taken this quiz